MAITE TuDaRaLhO - Statistics

Estatísticas Gerais
  • Esse quiz foi jogado 306 vezes
    44 desde o último reset
  • A pontuação média é 94 de 300
Estatísticas das Respostas
Perguntas Respostas % Correto
A asa baixa
100%
Envergadura ___m 11
83%
Peso Básico (s/óleo/combustível/tripulação) 1170
83%
Peso Máx pra dep acrobático 1500
83%
Peso Óleo+combustível acrobático 160
83%
Peso Máx pra dep utilitário 1700
83%
Peso Óleo+combustível utilitário 250
83%
Altura ___m 3
83%
Potência(___HP e ___RPM) 3002700
83%
Diedro ___º 6
83%
possui ___ cilindros opostos _____ 6 horizontalmente
83%
Comprimento ___m 8,6
83%
A aileron
83%
refrigerado a _____ ar
83%
A asa externa
83%
B berço do motor
83%
B biplace lado a lado
83%
C capota
83%
C carenagem do motor
83%
possui um _____ úmido cárter
83%
C cone de fuselagem
83%
D deriva
83%
injeção _____ de gasolina direta
83%
E estabilizador horizontal
83%
F flape
83%
nome do motor LYCOMING _____ IO-540-K1D5
83%
L leme direcional
83%
P pára-brisa
83%
P profundor
83%
sem _____ entre a hélice e o eixo do motor redução
83%
T treliça
83%
Pressão de admissão faixa verde ___ a ___ PSI e vermelha ___ PSI 10 29,6 29,6
67%
ordem de centelhamento dos cilindros: 145236
67%
TCC faixa verde ___ a ___ º F, faixa amarela ___ a ___ º F e ___ a ___ º F e faixa vermelha ___ º F. Medição feita através de um _____ colocado na cabeça do __º cilindro 150 435 100 150 435 475 475 termopar 5
67%
Trem-bequilha ___m 2,33
67%
cada cilindro possui ___ velas que são alimentadas _____ por um dos magnetos 2 independentemente
67%
Estaqueamento ___m 3,6
67%
Pressão do óleo faixa verde ___ a ___ PSI, faixa amarela ___ a ___ PSI e ___ a ___ PSI e faixa vermelha ___ e ___ PSI 60 90 25 60 90 100 25 100
67%
podem ser realizadas ___ tentativas, sendo ___ internas e ___ externas. Sem contar com a 1º partida do dia 6 4 2
67%
A asa central
67%
temperatura da cabeça do cilindro relativamente mais _____ (vantagem) baixa
67%
C cadeira traseira opcional
67%
bomba principal de _____ combustivel
67%
D duplo comando
67%
EGT é _____. Tomada feita após junção dos ___ escapamentos da _____ elétrico 3 direita
67%
o arranque é um motor _____ com engrenagens que se acopla na _____quando acionado pondo em movimento a hélice eletrico cremalheira
67%
E empenagem convencional
67%
facilidade de _____ e _____ do bico injetor (desvantagem) entupimento ruptura
67%
F fuselagem central
67%
nao propicia formação de _____ (vantagem) gelo
67%
bomba _____ hidráulica
67%
os magnetos sao uma fonte de eletricidade _____ da bateria independente
67%
2 _____ magnetos
67%
_____ incidência de sujeira nas _____ (desvantagem) maior velas
67%
_____ consumo específico (vantagem) menor
67%
M metálica
67%
M monomotor
67%
_____ injetor servo
67%
T trem de pouso triciclo retrátil
67%
bomba de _____ ( não tem ) vácuo
67%
Os estóis exigem uma deflexão maior do profundor para manter a razão de decréscimo de velocidade constante (cerca de ___kt por segundo) 1
50%
Não operar o motor por mais de ___ s 10
50%
Fluxômetro faixa vermelha da marcação externa ___ PSI 10,5
50%
O peso básico do T-25 é da ordem de ____ kgf 1200
50%
Passo mínimo ___° (A8 ___°) e passo máximo ___° 12,5 15 32,4
50%
Temp do óleo faixa verde ___ a ___º F, amarela ___ a ___º F e vermelha ___º F 140 245 50 140 245
50%
Intervalo entre as partidas de pelo menos ___ s 20
50%
Passeio de centro de gravidade ____% a ____ % da corda média aerodinâmica (acro. e utili.) 22,8 27,8
50%
Bitola ___m 2,65
50%
Profundor ___m 3,95
50%
Na entrada em parafuso o avião passa pelo dorso, na maioria das vezes, para em seguida baixar o nariz, atingir rapidamente uma atitude de ___º a ___º abaixo do horizonte 45 60
50%
Durante o parafuso, a perda de altura é de cerca de ___ft por volta e o tempo de execução de cada volta é de __a __ segundos 500 2 4
50%
ele é um _____ acoplado ao giro do eixo do motor por meio de _____ o que faz com que a propria rotação do motor gere a tensão necessaria para o _____ das velas. Através de um _____ e de um _____ produz o centelhamento _____ alternador engrenagens centelhamento platinado distribuidor alternado
50%
mistura ar-combustível mais _____ (vantagem) homogênea
50%
As ___ tracionam o avião pás
50%
Não há fluxo de combustível na posição _____ pobre
50%
A manete da mistura controla a relação gasolina/ar, as posições são _____ (toda à frente) e _____(toda atrás) rica pobre
50%
A manete dos gases tem por finalidade comandar a borboleta do _____. Quando empurrado para frente, abre a borboleta, aumentando a _____ do motor servo-injetor potência
50%
T treinamento básico
50%
Durante a execução do procedimento de descida, manter ____kt e flapes recolhidos. 100
33%
compensar para ___ kt e não efetuar curvas com inclinação superior a ___° durante a subida 100 30
33%
Limites de velocidade part 2:baixar flape .................................___ kt baixar trem..................................___ kt voo cruzeiro em ar turbulento.... ___ kt voo picado - VNE (utilidade)....... ___ kt voo picado - VNE (acrobática) ...___ kt 105 104 150 220 240
33%
Penetração em turbulência:- peso máx de operação (cruzeiro) ____ kgf - peso mín de operação (cruzeiro) ____ kgf 1500 1253
33%
O avião com peso total de ____ Kgf, passo ____e motor totalmente _____, não alcança Vne em mergulho vertical. 1500 mínimo reduzido
33%
No caso de se manter o manche para trás, após o estol ocorrer, o avião aumentará sua velocidade de __ a __ kt até que ocorra novo estol, percorrendo uma trajetória senoidal com razão de afundamento de cerca de ____ ft/min 3 4 1500
33%
Para instrução, limite de aceleração é de ____ G 4,5
33%
Curvas com inclinação de até ___º podem ser executadas com segurança. Contudo, recomenda-se não ultrapassar ___º de inclinação nas curvas para maior conforto do piloto. 45 30
33%
Na categoria acrobática: carga positiva __ G; carga negativa __ G; carga com flape __ GNa categoria utilitária: .....carga positiva __ G; carga negativa __ G; carga com flape __ G 5 3 2 4 2,2 2
33%
Normalmente, a área menos turbulenta de uma tempestade está entre ____ e ____ ft acima do solo. Alturas entre ____ e ____ ft passam em geral a ser mais turbulentas 6000 8000 10000 20000
33%
Aviso sonoro-luminoso de estol entre __ a __ kt. O circuito está protegido pelo mesmo _____ térmico de aviso do trem 6 11 disjuntor
33%
Em caso de fogo na fuselagem, velocidade ___ kt 80
33%
Na recuperação sem motor, deixa-se o avião atingir uma velocidade de __/__ kt e há uma perda média de altura de ___ ft. 80 90 400
33%
Em caso de eliminação de fumaça, velocidade ___ kt, capota e bocais de ventilação ____ se a fumaça entrar na cabine, extintor usar se possível 80 abrir
33%
A2 possui ___ pol. (___m) e A8 possui ___pol. (___m) 82 2,083 76 1,93
33%
Na falha do motor em voo, se o motor não voltar a funcionar e a altura for suficiente, dar partida do motor em voo. Em instrução na AFA, velocidade ___ kt 90
33%
Manômetro de pressão hidráulica:Faixa vermelha..... ____ e ____ PSI Faixa verde........... ____ a ____ PSI 950 1640 950 1640
33%
Sobre os comandos do motor, somente o conjunto do _____ possui dispositivo para o _____, que é feito por _____, girando-se no sentido _____ o disco recartilhado existente na face externa do conjunto aluno travamento fricção horário
33%
Sinais de mistura muito rica: aspereza do motor, TCC mais ____ e EGT mais ____ baixa baixa
33%
Períodos prolongados com o motor funcionando em ____ rotação podem acarretar falha nas velas. Esta falha também pode ocorrer em _____ prolongadas. baixa descidas
33%
As características de voo da aeronave são normais para sua categoria, possuindo ____estabilidade nos três eixos boa
33%
A _____ será ligada nas condições: partida, decolagem, pouso, voo rasante e quando houver falha da bomba mecânica booster
33%
Passo é o ângulo formado pela ____ ____ da hélice e o plano descrito pela sua rotação, medido a ___ pol. de distância do eixo do cubo corda média 30
33%
_____ da Hélice, em seu interior fica o mecanismo que faz variar o _____ da hélice cubo passo
33%
Em caso de fogo na asa, ____ luzes de navegação e aquecimento de pitot e GLISSAR o avião para o _____ (lado oposto/mesmo lado) do fogo desligar lado oposto
33%
Sua manobrabilidade é _____, possuindo boa eficiência de superfícies de comando, mesmo em____ velocidades excelente baixas
33%
Hélice bi-pá metálica da marca _____, modelo ________ Hartzell HC-C2YK4FFC8475A2
33%
O gelo da ____ poderá ser removido aumentando-se e diminuindo-se as rotações do motor.Se houver formação de gelo nas asas, mudar de _____ e procurar abandonar a área perigosa hélice altitude
33%
O voo de dorso deverá ser efetuado apenas de ____, tendo em vista a limitação imposta lubrificação. passagem
33%
Com a queda de asa violenta (Tentativa de manter nariz alto com CG muito a frente) a recuperação ainda é ____ rápida
33%
Como o uso dos flapes reduz a razão de subida, efetuar as decolagens por instrumentos com os flapes _____ recolhidos
33%
Carenagem do Cubo ou _____, fica na parte ____ da hélice e protege o ____ da hélice contra a poeira spinner anterior cubo
33%
caixa de acessórios está localizada na parte _____ do motor traseira
33%
Quando utilizado na categoria acrobática os tanques auxiliares devem estar ____ vazios
33%
A aeronave possui quantos freios de estacionamento ? 1
17%
O indicador de curva e derrapagem possuem marcações de curva padrão que indicam a inclinação que o T-25M curva 180⁰ em ___ min 1
17%
faróis de pouso devem ser utilizados por no máximo ___s 10
17%
Na configuração com trem e flape recolhidos mantendo 80 kt, para cada ____ ft de altura perdida, alcança-se ____ NM de planeio. Considerando peso básico de ____ kgf. 1000 1,8 1500
17%
O combustível utilizado é a gasolina ___/___ octanas 100 130
17%
Tanque principal: nominal __L, não utilizável __L e utilizável __L Tanque auxiliar: nominal __L, não utilizável __L e utilizável __L Total: nominal __L, não utilizável __L e utilizável __L 106 11 95 65 5 60 342 32 310
17%
O TLE transmite simultaneamente em _____ e _____ MHz, e não transmite em _____MHz (colocar casa decimal) 121,5 243,0 406,025
17%
A pressão nominal do sistema é de ___ lbs/pol^2(psi) 1500
17%
A buzina, atrás da cadeira do piloto dá o alarme quando manete dos gases reduzida abaixo de ___ pol e o trem de pouso não estiver travado embaixo. Soará também quando trem esteja na posição recolhimento e a anv esteja no solo com a bateria _____ (na prova vai ser 17 pol) 15 ligada
17%
Na AFA, tampa do bocal amarela = Aeroshell ___ e tampa do bocal vermelha = Aeroshell-___ (usado durante _____ do motor ou dos cilindros, não utilizar ala) 15W50 100 amaciamento
17%
Óleo para lubrificação do tipo Aeroshell _____ fica armazenado no _____ do motor com capacidade para ___ quartos de galão americano (___litros) 15W50 cárter 12 11,35
17%
A tensão das válvulas elétricas do sistema hidráulico é de ___ a ___ V 18 30
17%
Possui ___ (em N°) válvulas seletoras elétricas responsáveis pelo baixamento e recolhimento 2
17%
O reboque manual é feito pela roda do nariz utilizando-se o garfo. O giro da roda do nariz é limitado em ___º para cada lado. 20
17%
Luzes: __ faróis de pouso, __ farol de táxi, __ luzes de navegação, __ anticolisão ( superior _____ e inferior _____ ), painel e pitot 2 1 3 2 giratória intermitente
17%
no cheque da mistura, caso a RPM não oscile, acelerar o motor para _____ RPM por ___ segundos e repetir item. Caso a RPM ainda não oscile novamente, efetuar limpeza de vela 2200 10
17%
Limites de velocidade part 1: Faixa vermelha do velocímetro ____ kt Faixa amarela do velocímetro de ____ a ____ kt Faixa verde do velocímetro de ____ a ____ kt 240 185 240 50 185
17%
A velocidade máxima para abertura da capota em emergência é de ___ kt. O acionamento da alavanca vermelha faz com que a força de um _____ passe a agir sobre a capota ao mesmo tempo em que uma placa articulada sobre a capota fica na posição _____ 240 sandow vertical
17%
A bateria é de ___V e ___A/h. Com pane no alternador, supre a anv por ___h 24 24 5
17%
Quando for necessário manter uma espera por um longo período de tempo, o combustível poderá ser economizado usando-se ____ RPM e uma pressão de admissão suficiente para se conseguir uma velocidade indicada de ____ kt. 2450 100
17%
Deve-se preparar o avião para penetração na "Zona de Turbulência". Se esta não puder ser notada, sua proximidade poderá ser detectada no aumento de estática no rádio: -passo ____ RPM -mistura ajustar para operação suave do motor -gases ajustar para velocidade de penetração -tubo de pitot ____ o aquecimento -cintos e suspensórios apertar -rádios ____ até passar a região turbulenta -luzes em intensidade _____ 2450 ligar desligar máxima
17%
Se for ultrapassado o limite de _____RPM, deve-se pousar no _____ mais próximo. A ____ do excesso de rotação (se for conhecida), qual a _____ RPM atingida e o ____ de duração do disparo devem ser comunicados à manutenção 2700 aeródromo causa máxima tempo
17%
O sistema possui, em n°, ___ válvulas de estacionamento, acionadas simultaneamente pelo punho. Atuam _______ para cada roda 2 independentemente
17%
O sistema possui ___ conjuntos de freios que recebem o fluido hidráulico sob pressão e acionam as ____ que atuarão nos discos das rodas. Atuam independentemente 2 pastilhas
17%
A bússola magnética possue marcações dos pontos cardeais, proas numéricas de ____ em ____ e traços de ____ e ____. O conjunto está imerso em _____ 30 30 10 5 querosene
17%
A cadeira pode ser ajustada em ___ posições 4
17%
Cada pedal possui um cilindro mestre ( __ no total) que pressionam o fluido para atuação do freio. Os cilindros possuem reservatórios hidráulicos individuais na sua parte _____ 4 superior
17%
Quando operando em temperaturas <___°C, o tubo de pitot deverá ser aquecido 5
17%
Uma vez ativado o TLE transmite por ____ horas no mínimo até que descarregue 50
17%
O Acelerômetro está graduado de -___ a ___ G 5 10
17%
Velocidades de Estol Utilitário :Cruzeiro ........c/motor ___ kt e s/ motor ___ kt Decolagem ...c/motor ___ kt e s/motor ___ kt Pouso ...........c/motor ___ kt e s/motor ___ kt Velocidades de Estol Acrobático:
Cruzeiro .......c/motor ___ kt e s/ motor ___ kt
Decolagem...c/motor ___ kt e s/motor ___ kt
Pouso.......... c/motor ___ kt e s/motor ___ kt
57 66 57 69 52 60 53 62 52 63 49 55
17%
Voo de dorso limitado a ___s devido ao ____ localizado na parte mais baixa do cárter 5 pescador
17%
A deflexão máxima do flape é de ___° 60
17%
A pressão do óleo só deverá estar obrigatoriamente acima de ___ PSI quando a RPM atingir no mínimo ___ RPM 60 2000
17%
Indicação do amperímetro: 1. Diurno: ___ a ___ A 2. Noturno: ___ a ___ A 7 10 10 15
17%
Para o abandono do avião em voo, velocidade ___ kt 80
17%
Sobre o Planeio máximo...Cruzeiro liso:............velocidade ____ kt; razão de descida ____ ft/min; razão de planeio ____:1 Dep trem embaixo: ..velocidade ____ kt; razão de descida ____ ft/min; razão de planeio ____:1 Pouso configurado: ..velocidade ____ kt; razão de descida ____ ft/min; razão de planeio ____:1 80 850 9,53 75 950 8 65 1000 6,58
17%
A luz de aviso da pressão hidráulica vai ficar ____ (acesa/apagada) enquanto a linha normal do trem estiver com pressão. Se a luz acender no solo => despressurizar o sistema ou ___ _ ____ acesa cortar o motor
17%
O _____ de pressão, do tipo _____ tem a finalidade de _____ picos de pressão e de compensar pequenos _____ internos, sendo abastecido por _____. Tem pressão nominal de ___ PSI e capacidade de ____cm^3 de óleo acumulador pistão absorver vazamentos nitrogênio 765 250
17%
Não fazer acrobacias com o tanque de _____ completamente vazio devido ao amortecimento do _____ feito parcialmente pelo combustível. (não utilizar o tanque _____ para acro. pois não possuem pescadores) alimentação pescador auxiliar
17%
No circuito, há ainda uma válvula de ____ e expansão térmica, que permite o retorno do óleo sempre que a pressão atingir ____ a ____ PSI alívio 1800 1850
17%
O ____ de __A da marca prestolite, possui retificadores internos, dando corrente ____ na saída alternador 50 contínua
17%
A corrente elétrica pode ser fornecida pela bateria, pelo _____ ou pela _____ _____. alternador fonte externa
17%
O disjuntor do _____ não tem indicação visual quando saltado, e deve ser conferido _____ alternador manualmente
17%
Há uma luz de aviso na cor _____ sempre que o interruptor estiver fora da posição _____ amarela neutro
17%
O ____ ____ da carenagem do cubo, peça metálica na parte anterior do motor (cremalheira), fixa o spinner anel suporte
17%
A Válvula de despressurização _____, mantém o sistema do trem normalmente _____ e que se pressuriza automaticamente ao comandar o trem. É ativada por ação de uma válvula ____ de despressurização e de um _____ elétrico. automática despressurizado solenóide interruptor
17%
O sistema é _____, sem intervenção do piloto, apenas p/ leitura das indicações automático
17%
Ao pousar em emergência, buscar esgotar antes do pouso todo o combustível dos tanques _____, sempre que possível auxiliares
17%
O sistema hidráulico assegura o _____ e _____ do trem de pouso e _____ do flape baixamento recolhimento baixamento
17%
Uma ____ __ ____ principal distribui c.c. de __V, para todos os componentes da anv, com exceção do circuito quente (ReBoCo), que está diretamente ligado a bateria barra de alimentação 24
17%
A barra de emergência em condições normais é alimentada pela ____ ____ e, pela ____ em caso de emergência barra principal bateria
17%
A corrente para acionar o motor pode ser tanto da bateria quanto da fonte externa, mas o acionamento do relê é sempre feito através da _____ bateria
17%
Somente operar conectado a ____. Sem esta, o alternador alimenta o circuito com tensão pulsante média de __V, dando picos de __V bateria 35 70
17%
Exceto pelo LED na chave de acionamento, que é alimentado pela ____, o TLE é completamente _____ dos demais sistemas da anv e possui uma bateria própria de ___V e validade de ____ meses bateria independente 9 24
17%
Nos voos de instrução na AFA, não há necessidade de abrir os compartimentos do nariz; os vazamentos poderão ser notados observando se o motor através do compartimento da _____. bequilha
17%
A fixação da bequilha é feita em 3 pontos, dois no ____ __ ____ e um na _____ (parede de fogo) berço do motor treliça
17%
Os _____ ____ são em número __, um em cada cilindro, e injeta combustível pulverizado na antecâmara dos cilindros bicos injetores 6
17%
A capota da aeronave tem formato de ____ bolha
17%
_____ do tipo de engrenagens, fica no interior do motor bomba
17%
A ____ ______ é do tipo de engrenagens, de ____ pressão, acionada pelo motor e tem o fluxo nominal de ___ galões por minuto (GPM) bomba hidráulica alta 0,91
17%
Instalada na lateral esquerda da nacele, a ____ ____ possui uma alavanca de acionamento. Sua capacidade é de ___ cm^3. Aciona o sistema de emg. (___° de flape por vez) bomba manual 16 10
17%
A _____ mecânica ou do motor, localizada na parte ____ do motor, supre de combustível pressurizado o servo-injetor bomba traseira
17%
A verificação da quantidade feita por uma vareta conectada ao _____ de abastecimento com marcações de __,__ e __ ( para voo, no mín __) bulbo 6 9 12 9
17%
No pouso somente com a bequilha distendida, pousar mantendo atitude mais _____ possível, tocando a roda do nariz antes da cauda (não estolar ao cabrar) cabrada
17%
Os punhos do manche são do tipo ____ caça
17%
As precauções de estacionamento dependem das condições locais. Como regra geral, é aconselhável colocar os _____ e, na ausência destes, usar o ____ __ _____ calços freio de estacionamento
17%
O motor desta aeronave está equipado com um sistema de injeção direta de combustível. A vaporização ocorre no interior das _____ de admissão. câmaras
17%
Em caso de pouso na água, pousar no ____ entre duas ondas, com velocidade um pouco acima do estol, tocar a cauda antes do nariz cavado
17%
No baixamento do trem, após a despressurização automática voltar a atuar no sistema (trem baixado e travado), o contacto elétrico (_____) desliga a luz de aviso de pressão do sistema cebolinha
17%
Cada perna do trem possui um _____ de acionamento que atua nos dois sentidos cilindro
17%
O ____, também conhecido como variômetro, indica a razão de mudança de altitude. Tem indicações de mais ou menos _____ ft/min e está conectado aos orifícios da pressão ____ climb 6000 estática
17%
Uma chave de acionamento remoto, está localizada no painel do 1P. Essa chave de acionamento remoto do TLE possui uma guarda, que é frenada com fio de _____ cobre
17%
O TLE fica localizado no _____ __ _____ da aeronave cone de cauda
17%
Os _____ são metálicos e por ação da força _____, fazem a hélice tender para o passo _____. Eles pesam ____g contrapesos centrífuga máximo 375
17%
A manete de misturas só deverá ser retirada da posição RICA nos seguintes casos: Regime de _____  Nos demais regimes, em altitudes muito elevadas, com sintomas de excessivamente _____ cruzeiro rica
17%
A carga estática é proporcional ao _____ da velocidade. Para reduzir a eletricidade estática ou os seus efeitos deve-se _____ a velocidade ou mudar a _____ cubo diminuir altitude
17%
Em voo, a chave do alternador NÃO deverá ser ____, exceto em emg desligada
17%
O interruptor da bateria deverá estar na posição _____ sempre que o motor estiver parado desligado
17%
Na falha do motor após a decolagem, mesmo que não haja tempo suficiente ou pressão hidráulica, é mais conveniente manter o trem de pouso _____, para permitir que ele seja recolhido pelo impacto do avião com o solo. destravado
17%
Uma das limitações básicas na operação do motor é imposta pela quantidade de pressão desenvolvida nos Cilindros durante a combustão. Se esta pressão tornar-se excessiva, poderá ocorrer _____ com eventual falha do motor detonação
17%
A _____é resultado de um tipo anormal de combustão. Este ocorre mais rapidamente que o necessário, provocando explosão instantânea da mistura na câmara de combustão, o que causa uma “batida” brusca contra as paredes do cilindro e pistão, o motor “bate-pino” e a _____cai. detonação potência
17%
A tomada de pressão ____ é feita através do tubo de pitot, localizado sob a asa ____, já a pressão ____ é obtida através de orifícios nas laterais traseiras da fuselagem dinâmica esquerda estática
17%
A buzina de estol é composta por um sensor metálico no bordo de ataque da asa ____ e por um auto-falante no painel. O sistema é acionado quando a anv atinge uma vel entre ___ e ___ Kt acima da velocidade de estol Direita 6 11
17%
Na ocorrência de uma sobrecarga, o aumento de temperatura fará com que o _____ salte de seu encaixe, cortando o fornecimento de energia (não pode desligá-los manualmente, nem pressioná-lo caso salte uma segunda vez) disjuntor
17%
Os _____ retiram a _____ sedimentada em excesso no sistema. São um total de __. O do filtro (copinho) deve ser acionado com a seletora _____ drenos água 7 aberta
17%
A válvula seletora _____ do trem de pouso seleciona e libera o óleo para o cilindro. Ela copreende dois dispositivos idênticos, mas _____, acionados por _____. Um comanda para baixar (passagem do fluido) e outro pra recolher (retorno do fluido) elétrica independentes solenóides
17%
O profundor possui compensador, atuado ______ por um interruptor. Não forçar a aleta do compensador, a fim de evitar o _____ do pino elástico eletricamente cisalhamento
17%
Em caso de falha no EGT, partindo da posição RICA, _____ a mistura até o motor começar a funcionar asperamente, depois _____ a mistura até o motor volte a funcionar suavemente empobrecer enriquecer
17%
O trem de pouso fabricado pela _____, é do tipo _____ de comando ____ e acionamento ____ ERAN triciclo elétrico hidráulico
17%
Para ajustar os o pedais, deve-se girar a alavanca para a _____ esquerda
17%
Pouso com uma perna do trem de pouso recolhida: Se a perna que não travar embaixo for a dianteira, tentar travamento durante o _____ __ _____. Se for um dos trens principais, quando a asa atingir o solo aplicar _____ pressão sobre o freio do lado da perna distendida a fim de diminuir o efeito de um possível cavalo de pau estol de badalo máxima
17%
Devem ser evitados os acionamento bruscos das manetes dos gases, pois quando o motor está frio frequentemente surgem _____ intermitentes. Quando o motor está quente, a tendência é que ocorra um _____ do motor. falhas afogamento
17%
A leitura da bússola magnética só é correta quando a capota da aeronave estiver _____ fechada
17%
O ____ tem formato de copo, está na caixa central hidráulica e protege o sistema ____ contra impurezas filtro normal
17%
_____ instalado na parte _____ do motor, retém impurezas filtro posterior
17%
Para que a carga atinja as extremidades, ela é obrigada a passar através das articulações. Então, para facilitar esta passagem e para que não haja danos estruturais, usam-se condutores(____ ____) ligando as partes do avião sempre nas proximidades dos rolamentos, articulações ou junções fios massa
17%
Ajuste do alarme dado por uma por uma posição ____ na manete dos gases, portanto a pressão necessária irá mudar conforme a _____ de voo física altitude
17%
O _____ mede a pressão do combustível que é proporcional ao fluxo fluxômetro
17%
Para poupar a bateria, utilizar ____ ____ para partida do motor ou verificação no solo fonte externa
17%
Ajustar intensidade da luz girando lâmpada para esquerda (mais ____) ou para a direita (mais ____ ) forte fraca
17%
Não aplicar o ____ __ _____ após um pouso com uso excessivo dos freios, a menos que haja decorrido tempo suficiente para resfriá-los freio de estacionamento
17%
O comando de curvas, no solo, é feito através dos _____ freios
17%
Embora não seja audível, a detonação pode ser notada por _____ _____ intermitente, por exaustão de _____ incandescentes de carvão ou saída do escapamento de pequena chama ______. Ainda mais, a _____ subirá rapidamente. fumaça preta partículas alaranjada TCC
17%
Para diminuir a potência deve-se seguir a sequência: _____, ______, _____, _____ gases passo gases mistura
17%
O ____ situado na parte frontal superior esquerda do motor mantém a RPM constante variando o _____. Uma bomba de _____, em seu interior, aumenta em até ___x a pressão do óleo recebido do motor e envia ao ____ da hélice governador passo engrenagens 4 cubo
17%
No baixamento de trem de pouso ou flape com pane hidráulica, para travamento do trem principal, se necessário, efetuar curva de ____ inclinação com velocidade ___ ____ ____ grande não muito alta
17%
Abastecidos por ação da ____. Cada um dos 4 bocais possui um _____ para dar vazão ao excesso de combustível gravidade suspiro
17%
O baixamento é _____ e pode ser interrompido em qualquer posição ao colocar em neutro hidráulico
17%
O sistema pitot-estático é _____ do sistema elétrico independente
17%
Um _____ __ ____ desliga o ____ da bateria quando o avião encontra-se em voo de dorso, para que a bateria não receba corrente interruptor de mercúrio relê
17%
As válvulas _____ ou de prioridade, tem a finalidade de _____ qualquer uma das duas linhas( normal ou emergência) quando a outra estiver sendo utilizada lançadeiras isolar
17%
O interruptor do alternador deverá ser _____ logo após a partida do motor, para repor carga da bateria (se a partida for dada com a bateria interna o amperímetro acusará uma amperagem alta, cerca de ___A, devendo ir se reduzindo lentamente) ligado 30
17%
Os _____ fornecem indicações da quantidade de combustível, sua medição é feita por potenciômetros do tipo _____ liquidômetros bóia
17%
No abandono do avião em voo, colocar a cadeira na posição ____ ____, execute este procedimento____ (antes de/após) abrir a capota. mais alta após
17%
A bequilha mantém-se alinhada com o eixo longitudinal por ação de um _____. Existe ainda um amortecedor ____-____que garante ausência de vibrações na bequilha mancal anti-shimmy
17%
O indicador de pressão ou _____, conta com uma válvula ____ do instrumento instalada na tubulação que vai ao instrumento e tem a finalidade de evitar a ____ de óleo do sistema ____ em caso de vazamento no interior do manômetro manômetro separadora perda normal
17%
Antes do primeiro voo do dia, girar a hélice com seis voltas completas no mínimo. Este procedimento poder ser feito _____ ou dando-se partida “a seco”. manualmente
17%
O TLE pode ser acionado _____ através de interruptor no painel, ou _____ através de uma chave inercial, que dispara com uma desaceleração de ___ g, no sentido do eixo _____ manualmente automaticamente 5 longitudinal
17%
no voo de dorso, pressão do óleo cai e hélice vai automaticamente para passo ____ máximo
17%
O travamento é sempre _____ e o destravamento é sempre _____ mecânico hidráulico
17%
O indicador de RPM é do tipo _____, que compreende um cabo do _____. Faixa verde de ___ a ___ RPM. E faixa vermelha ____ RPM mecânico tacômetro 600 2700 2700
17%
O fluido utilizado é o óleo mineral _____ (Aero-Shell-___), inflamável mil-h-5606 4
17%
O fluido utilizado é o óleo mineral ______ou o Aeroshell n° __ mil-h-5606 4
17%
A pressão do óleo tende a levar o passo para _____ mínimo
17%
Para aumentar a potência deve-se seguir a sequência: _____, _____, _____ mistura passo gases
17%
Em caso de ruptura do cabo do governador, uma ___ levará a hélice para passo mín mola
17%
O recolhimento se processa por ação de _____, em neutro o fluxo é cortado molas
17%
Amperímetro indica a carga fornecida pelo alternador. Existe uma luz que indicará quando o alternador _____ (estiver/não estiver) fornecendo energia para a bateria não estiver
17%
Os freios _____ (fazem/não fazem) parte do sistema hidráulico. Os freios são _____ (hidráulicos/mecânicos/elétricos) do tipo _____ não fazem hidráulicos disco
17%
O extintor de incêndio é do tipo manual de pó químico, à base de bicarbonato de sódio e _____ nitrogênio
17%
Sinais de mistura muito pobre (SOFDP): superaquecimento, ____ áspera de motor, ____ repentina do motor, ______ e perda apreciável de _____ operação falha detonação potência
17%
Cintos e suspensórios fabricados pela _____ pacific
17%
As manetes do _____ controlam _____ o governador através de hastes metálicas. Elas selecionam a RPM através do governador que a mantém _____. Rotação máxima = passo _____ e rotação mínima = passo _____ passo mecanicamente constante mínimo máximo
17%
Para abrir a capota do exterior da nacele, deve-se apertar o ____ __ _____, existente na parte externa, no centro do pára-brisa. Poderá ser aberta em voo, devendo-se, reduzir a velocidade para ____ kt. O acionamento da alavanca vermelha faz com que a força de um "_____" passe a agir sobre a capota pino de destravamento 100 sandow
17%
A ___-_____ ocorre quando a mistura ar-combustível inicia a queima antes da centelha da vela, provocando a propagação de uma frente de chama que, ao ser disparada a centelha e propagada a frente de chama normal, estas se chocam prejudicando o aproveitamento da explosão para produzir a rotação do motor pré-ignição
17%
_____ instalado na parte _____ do motor, refrigera o óleo radiador frontal
17%
Ao ser percebida a pré-ignição ou a detonação deve-se ____ a manete dos gases imediatamente reduzir
17%
A bomba de _____ ou _____ localizada após a _____ de combustível, acionada _____, fornece combustível durante a partida, é um sistema redundante em fases _____ do voo (decolagem, pouso, acrobacias e passagem baixa) e mantém fluxo em caso de falha da bomba reforço booster seletora eletricamente críticas
17%
Um ____, da mesma marca, calibrado para _____ __V, controla o campo do alternador regulador 27,4 0,1
17%
O ____ de pressão tem a finalidade de _____ a carga da bomba, quando não estiver sendo solicitada. Mantém a pressão entre _____ __ a _____ __ PSI regulador aliviar 950 10 1550 20
17%
_____ de óleo fica no cárter do motor reservatório
17%
O _____ está na caixa central hidráulica, atrás das cadeiras dos pilotos. Tem capacidade total de __L ( __L funcionamento normal e __L para emg ) reservatório 3 1 2
17%
Os _____ equalizam a pressão. São em N°__, um em cada tanque (os do principal e do de alimentação são interligados mas não deixam passar combustível mesmo estando cheios) respiros 4
17%
_____ equaliza pressão interna com a externa, conectado por um conduto que passa através de uma caixa _____ que retém a quantidade inicial de óleo lançada fora do cárter em cargas "g" _____ respiro separadora negativa
17%
O ____ limita o tempo de baixamento em ___s e está localizado entre as válvulas seletoras restritor 14
17%
A ___ de gasolina recebe o fluxo dos tanques e permite a utilização do selecionado pelo piloto seletora
17%
O ______ instalado na parte _____ do motor recebe combustível pressurizado e ar filtrado, para dosá-los à aranha e antecâmara do cilindro respectivamente ( faz o papel do carburador ) servo-injetor traseira
17%
Quando o interruptor de partida é acionado, um _____ permite a passagem de corrente para o motor de _____ solenóide arranque
17%
O flape é do tipo _____, operado por comando _____ e acionado _____ split elétrico hidraulicamente
17%
São utilizados dois conjuntos de _____, um de cada lado da seção central da asa. São eles: tanque principal (__L), tanque de alimentação (__L) e tanque auxiliar (__L) tanques 88 18 65
17%
As ____ para teste hidráulico são em Nº ___, do tipo _____, uma antes e outra depois da bomba hidráulica, conectam o circuito a uma fonte externa de pressão (manutenção). Servem para utilizar a bomba _____ (sem/com) motor tomadas 2 auto-vedante sem
17%
O uso simultâneo dos freios pode causar a ______ de fluido dos cilindros mestres do 1P e do IN, acarretando na diminuição de eficiência de um deles e o excesso de pressão no outro transferência
17%
A fixação do trem princial é feita em 3 pontos, um na longarina ____ da asa, um na longarina ____ e um em uma ____ situada entre esta e aquela traseira intermediária nervura
17%
Os comandos do aluno têm um dispositivo de _____ removível trava
17%
A ____ __ ____, localizada atrás da parede de _____, tem a finalidade de cortar o fluxo hidráulico entre o reservatório e a bomba (incêndio, mau funcionamento, reparo). É comandada _____ através de um punho no painel do avião válvula de corte fogo manualmente
17%
A ____ __ _____ é comandada manualmente e tem a finalidade de ______ o sistema, permitindo retorno do fluido para o reservatório válvula de descarga despressurizar
17%
A ____ ____ ou aranha está localizada em cima do motor e recebe o combustível dosado e pressurizado e distribui para os bicos injetores ( nela está a tomada para o _____) válvula distribuidora fluxômetro
17%
A _____ _____ __ ______ tem a finalidade de dirigir o óleo sob pressão para o baixamento do trem ou do flape em emergência. Na posição ____ permite o retorno do fluido para o reservatório. Para sua utilização, o sistema manual deve ser despressurizado pela _____ __ _____ válvula seletora de emergência neutra válvula de descarga
17%
As _____ _____ são em N° __ e sua funcionalidade é separar os freios do 1P dos freios do 2P ( evitar uso simultâneo; se um foi aplicado com mais intensidade, esse agirá no sistema) válvulas lançadeiras 2
17%
As ____ ____ permitem o fluxo de combustível apenas no sentido de alimentação. Ficam entre os tanques e entre a seletora. O sistema possui ___ delas válvulas unidirecionais 6
17%
O _____ mede a diferença entre a pressão dinâmica e a pressão estática velocímetro
17%
Quando ativado, um LED na chave remota e uma luz no TLE piscam, também é possível ouvir um sinal característico no ____, na frequência de _____MHz VHF 121.5
17%
O reservatório está equipado com uma válvula de ar, um bocal para abastecimento, uma válvula dreno e um ____, para verificar o nível do fluido, na parte frontal do reservatório visor
17%
O Transponder recebe sinais de interrogação do radar secundário de terra, na frequência de ____ MHz e reponde automaticamente, transmitindo em ____ MHz 1030 1090
0%
O receptor de VOR/LOC tem a frequência de operação em VOR entre ____ e ____ MHz. O LOC opera nas frequências com décimos ímpares na faixa de ____ e ____ MHz (colocar casa decimal) 108,0 117,95 108,1 111,9
0%
O transceptor de VHF permite a transmissão e recepção na faixa de frequência de ____ a ____MHz, com espaçamentos de ____ KHz, tendo capacidade para ____ canais (colocar casa decimal) 118,0 136,975 25 760
0%
para empobrecer a mistura, com a utilização do EGT: -Potência acima de ___% - Reduzir a mistura até o ponteiro do EGT atingir um pico; em seguida voltar a enriquecê-la até o ponteiro do EGT voltar uma grande divisão (___ ºF) -Potência de ___% ou menor - operar com o ponteiro de EGT no pico ou se quiser, duas pequenas divisões antes do pico, do lado da mistura rica (___ ºF) 75 100 75 50
0%
Esta queima antecipada tem como causas a TCC ____ ou a existência de ____ ____ dentro da câmara de combustão formados pelo acúmulo de ____ ou desgaste da superfície _____ do pistão alta pontos quentes resíduos superior
0%
O _____ é um instrumento de medição absoluta, está conectado aos orifícios da pressão ____. A diferença máxima aceitável entre a altitude fornecida pelo instrumento e a altitude real do campo é de ____ft altímetro estática 75
0%
O motor possui um sistema de _____ dinâmico por contrapesos. Deve-se evitar o acionamento brusco da manete dos gases para não causar danos aos _____ e buchas desse sistema. amortecimento roletes
0%
No recolhimento do trem, para ativação do solenóide, temos que considerar dois interruptores de segurança, um na _____, que só fecha o circuito se estiver alinhada, e outro na perna esquerda do trem, comandado pela _____ (compasso), que só fecha o circuito caso o amortecedor esteja distendido ( sistema de emergência recolhe o trem independente dessas duas condições) bequilha tesoura
0%
A utilização de um combustível de menor octanagem do que a de projeto do motor e o rebaixamento do _____ são uma das causas da detonação. Outras possíveis causas tbm são:  _____ octanagem do combustível. Temperatura da cabeça do cilindro elevada, causada por uma _____ prolongada em baixa velocidade ou por mistura POBRE. cabeçote baixa subida
0%
O movimento dos comandos de voo é transmitido às superfícies de comando, através de ____ __ ___ que correm sobre as roldanas e hastes de comando, articulados por _____ cabos de aço guinhóis
0%
O cilindro de atuação fica no centro da seção central da asa e atua nos ____ __ _____ que transmitem movimento às superfícies do flape cabos de comando
0%
No pouso com o cabo do profundor rompido, usar o _____ compensador
0%
O sistema de indicação de posição do flape é acionado _____ e é constituído por um indicador de posição e um _____ localizado na seção central da asa eletricamente transmissor
0%
O _____ retém impurezas. São ___ do tipo malha _____ e ficam nos tanques auxiliares e nos pescadores do de alimentação. __ (copinho) entre a booster e bomba mecânica. E __ de malha _____ no servo- injetor. Sendo __ no total filtro 4 grossa 1 1 finíssima 6
0%
Sobre falhas do motor, a falha ____ é muito rara e só ocorre quando houver interrupção completa da ignição ou do sistema de combustível. A falha ____ apresenta certos indícios, como: ____ de pressão de admissão, ____ de RPM, ____de pressão de óleo, ____ da temperatura da cabeça do cilindro, trepidação, ____ de óleo, ____ anormal de RPM e presença de fogo ou fumaça. instantânea gradual queda queda queda aumento vazamento variação
0%
Os ____-______, localizados nas travas do trem, transmitem às luzes de aviso, as indicações de posição. 3 lâmpadas verdes estarão acesas quando o trem estiver _____ e travado. 3 lâmpadas _____ quando estiver fora de posição e todas apagadas quando estiver _____ e travado micro-interruptores embaixo vermelhas em cima
0%
A melhor potência, é obtida quando o ponteiro do EGT está um pouco abaixo do ____ ou seja empobrece-se a mistura até que o ponteiro do EGT indique um máximo e em seguida, enriquece-se novamente para se terem temperaturas de escape um pouco _____. pico menores
0%
Este choque reduz o rendimento do motor com a queda de _____ e aumenta a ____. Além disso, provoca um empeno no eixo de _____ e desgaste nas paredes do cilindro devido ao grande esforço parasita provocado por essa queima irregular potência TCC manivelas
0%
Pouso com os dois pneus das rodas do trem principal estourado: 1. Efetuar pouso normal com velocidade _____ _____ do estol2. Não usar os _____ pouco acima freios
0%
O T-25M possui condutores na superfície e descarregadores de cargas eletrostáticas (_____) nas extremidades. Em número, são __ nas extremidades externas do aileron e do profundor, __ na extremidade superior do leme e __ na bequilha (total = 6) rabicho 4 1 1
0%
A reação dos comandos é ____ com uma sensibilidade do comando de compensador do profundor bastante _____ rápida grande
0%
Sobre o TDR, na posição ____ não existe transmissão, na posição ____ envia a apenas o código selecionada para identificação da anv, e na posição ____, além do código, envia também informações de altimetria, fornecidas pela cápsula altimétrica STBY ON ALT
0%
O pouso só com a bequilha recolhida não deve ser testado fora de _____ _____ terreno preparado
0%
Nenhum quiz correspondente encontrado
Distribuição das Pontuações
Porcentagem de Pessoas com Cada Pontuação
Percentil de Números Respondidos
Sua Pontuação Histórica
Você não jogou esse quiz desde o último reset